Las TIC y los desafíos de aprendizaje en la sociedad del conocimiento

Saved in:
Bibliographic Details
Format: Book
Language:Spanish
Published: Santiago Organización para la Cooperación y el Desarrollo Económico 2006
Edition:1a. ed
Subjects:
Tags: Add Tag
No Tags, Be the first to tag this record!

MARC

LEADER 00000cam a2200000 a 4500
001 UCD9094
003 CL-VaPUC
005 20210520123446.0
008 170602e20060600cl 1 spa d
020 |a 956292128X 
082 0 4 |a 371.33  |b TIC  |2 21 
245 1 4 |a Las TIC y los desafíos de aprendizaje en la sociedad del conocimiento 
250 |a 1a. ed 
260 |a Santiago  |b Organización para la Cooperación y el Desarrollo Económico  |c 2006 
300 |a 168 p 
583 |a last modification  |c 20190909 10:04:54  |k Rodrigo Vera 
650 0 0 |a Tecnologías de las comunicaciones   |9 335459 
650 0 0 |a Tecnología de la información   |9 254825 
650 0 0 |a Métodos de enseñanza  |9 270413 
650 0 7 |a SOCIOLOGIA DE LA INFORMACION  |2 CL-VaPUC  |9 534024 
650 0 0 |a Sociedad del conocimiento  |9 464837 
942 |c BK 
945 |a arojas  |d 20170602 23:29:00 
546 |a En Español 
518 |p Seminario CERI-OCDE de Habla Hispana, 3, Santiago de Chile, 2005 
999 |c 384884  |d 384882